[Event "Montreal op U2000"]
[Site "Montreal"]
[Date "2016.09.11"]
[Round "5.34"]
[White "Blanchet, Robert"]
[Black "Dube, Daniel"]
[Result "0-1"]
[WhiteElo "1846"]
[BlackElo "1818"]
[PlyCount "100"]
[EventDate "2016.09.09"]
[EventType "swiss"]
[EventRounds "5"]
[EventCountry "CAN"]
[SourceTitle "EXT 2022"]
[Source "ChessBase"]
[SourceDate "2021.10.06"]
[SourceVersion "1"]
[SourceVersionDate "2021.10.06"]
[SourceQuality "1"]

1. e4 g6 2. d4 d6 3. Bd3 c6 4. Ne2 Bg7 5. c3 Nf6 6. Na3 Nbd7 7. Nc2 0-0 8. Bg5 h6 9. Bd2 e5 10. Qc1 exd4 11. cxd4 c5 12. Bxh6 cxd4 13. Bxg7 Kxg7 14. Ncxd4 Nc5 15. Qc3 Nxd3+ 16. Qxd3 Re8 17. f3 Qa5+ 18. Nc3 Qg5 19. Qd2 Qe5 20. 0-0-0 a6 21. Nde2 Be6 22. Qxd6 Qg5+ 23. Qf4 Qa5 24. Kb1 Rac8 25. g4 Rc4 26. Nd4 Rxc3 27. Nxe6+ Rxe6 28. Rd5 Nxd5 29. exd5 Rf6 30. Qd4 Rcxf3 31. g5 Qb6 32. gxf6+ Qxf6 33. Qd1 Rf2 34. Qc1 Qf5+ 35. Ka1 Qxd5 36. Qc3+ Kh7 37. Qh3+ Qh5 38. Qg3 Qf3 39. Qxf3 Rxf3 40. a4 Rf4 41. b3 Rf2 42. a5 Rf5 43. b4 Rb5 44. Rb1 f5 45. Ka2 f4 46. Kb3 g5 47. Rc1 Kg6 48. Rc8 Kh5 49. h3 Kh4 50. Rh8+ Kg3 0-1

[Event "Quebec op U2000"]
[Site "Montreal"]
[Date "2016.07.29"]
[Round "8.27"]
[White "Ivakhin, Mikhail"]
[Black "Blanchet, Robert"]
[Result "1-0"]
[WhiteElo "1853"]
[BlackElo "1767"]
[PlyCount "45"]
[EventDate "2016.07.23"]
[EventType "swiss"]
[EventRounds "8"]
[EventCountry "CAN"]
[SourceTitle "EXT 2022"]
[Source "ChessBase"]
[SourceDate "2021.10.06"]
[SourceVersion "1"]
[SourceVersionDate "2021.10.06"]
[SourceQuality "1"]

1. d4 Nf6 2. e3 e6 3. f4 b6 4. Nf3 Bb7 5. Bd3 Be7 6. 0-0 h5 7. Nbd2 Ng4 8. Nc4 d6 9. a4 Nd7 10. h3 f5 11. Qe2 Ndf6 12. Ng5 Qd7 13. c3 Ne4 14. Bxe4 fxe4 15. hxg4 g6 16. b4 Bd5 17. Nd2 Bxg5 18. fxg5 e5 19. c4 hxg4 20. cxd5 g3 21. Qb5 0-0-0 22. Qxd7+ Rxd7 23. Nxe4 1-0

[Event "Quebec op U2000"]
[Site "Montreal"]
[Date "2016.07.28"]
[Round "7.7"]
[White "Zhong, Wenxuan"]
[Black "Blanchet, Robert"]
[Result "0-1"]
[WhiteElo "1821"]
[BlackElo "1767"]
[PlyCount "138"]
[EventDate "2016.07.23"]
[EventType "swiss"]
[EventRounds "8"]
[EventCountry "CAN"]
[SourceTitle "EXT 2022"]
[Source "ChessBase"]
[SourceDate "2021.10.06"]
[SourceVersion "1"]
[SourceVersionDate "2021.10.06"]
[SourceQuality "1"]

1. e4 c5 2. Nf3 d6 3. d4 cxd4 4. Nxd4 Nf6 5. Nc3 a6 6. Bg5 e6 7. f4 Qc7 8. Qf3 Nc6 9. Nb3 Be7 10. 0-0-0 Bd7 11. g4 Rc8 12. h4 Nb4 13. Kb1 h6 14. Bxf6 Bxf6 15. Nd4 Qb6 16. Nb3 a5 17. a4 Bxc3 18. bxc3 Na6 19. Rd4 Nc5 20. Bb5 Bxb5 21. axb5 Qxb5 22. Ka2 Na4 23. Rd3 Qc4 24. Rh3 e5 25. fxe5 dxe5 26. Qf5 0-0 27. Qxe5 b5 28. Qd5 Nb6 29. Qd4 a4 30. Qxb6 axb3+ 31. cxb3 Qxe4 32. Qe3 Ra8+ 33. Kb2 Qg2+ 34. Qd2 Qf1 35. Qd1 Qf2+ 36. Rd2 Qa7 37. Qb1 Rfc8 38. g5 b4 39. c4 Qa3+ 40. Kc2 Rxc4+ 41. bxc4 Qxh3 42. Qxb4 Ra2+ 43. Kb1 Rxd2 44. Qxd2 Qb3+ 45. Qb2 Qxc4 46. gxh6 Qd3+ 47. Ka2 Qa6+ 48. Kb1 Qxh6 49. Qd4 Qc6 50. Kb2 Kh7 51. Qg4 Qc5 52. Qe4+ g6 53. Qf4 Kg7 54. Qg4 Qe3 55. Kc2 Kh6 56. Qc4 f5 57. Qg8 Qf2+ 58. Kd3 Qxh4 59. Qf8+ Kh5 60. Qh8+ Kg4 61. Qd4+ Kh3 62. Qg7 Qe4+ 63. Kd2 f4 64. Qh6+ Kg4 65. Qh2 g5 66. Qg1+ Kh3 67. Qf1+ Qg2+ 68. Qxg2+ Kxg2 69. Ke2 f3+ 0-1

[Event "Montreal Mercredi 03"]
[Site "Montreal"]
[Date "2016.04.27"]
[Round "5"]
[White "Blanchet, Robert"]
[Black "Rondon, Luciano"]
[Result "0-1"]
[WhiteElo "1820"]
[BlackElo "1868"]
[PlyCount "106"]
[EventDate "2016.03.30"]
[EventType "swiss"]
[EventRounds "5"]
[EventCountry "CAN"]
[SourceTitle "EXT 2022"]
[Source "ChessBase"]
[SourceDate "2021.10.06"]
[SourceVersion "1"]
[SourceVersionDate "2021.10.06"]
[SourceQuality "1"]

1. e4 c5 2. Nf3 d6 3. d4 cxd4 4. Nxd4 Nf6 5. Nc3 a6 6. Be2 e5 7. Nf3 Qc7 8. Bg5 Nbd7 9. 0-0 b5 10. a3 Bb7 11. Nd2 Be7 12. Rc1 Nb6 13. Bf3 Rd8 14. Bxf6 Bxf6 15. Nd5 Bxd5 16. exd5 Bg5 17. Rb1 f5 18. Be2 0-0 19. Nf3 Bh6 20. h4 Qc5 21. c4 bxc4 22. Ng5 Bxg5 23. hxg5 Rc8 24. Rc1 Qa5 25. Qe1 Qxd5 26. Qb4 Qc5 27. Qc3 Rfe8 28. b4 Qd4 29. Qf3 Qe4 30. Qh5 d5 31. Rfe1 Qd4 32. g6 hxg6 33. Qxg6 Rf8 34. Rcd1 Rf6 35. Qg5 Qf4 36. Qxf4 exf4 37. Bf3 Rd6 38. Re5 d4 39. Rc5 d3 40. Bb7 Rcd8 41. Bxa6 Na4 42. Bxc4+ Kh7 43. Rxf5 Nb2 44. Bf7 g6 45. Rxd3 Nxd3 46. Ra5 Kg7 47. Bc4 Kf6 48. b5 Ne5 49. Be2 Rd2 50. Kf1 Rb2 51. Ra6+ Kf5 52. g4+ fxg3 53. fxg3 Rdd2 0-1

[Event "Montreal Mercredi 03"]
[Site "Montreal"]
[Date "2016.03.30"]
[Round "1"]
[White "Johnson Constantin, Matthieu"]
[Black "Blanchet, Robert"]
[Result "0-1"]
[WhiteElo "1848"]
[BlackElo "1820"]
[PlyCount "56"]
[EventDate "2016.03.30"]
[EventType "swiss"]
[EventRounds "5"]
[EventCountry "CAN"]
[SourceTitle "EXT 2022"]
[Source "ChessBase"]
[SourceDate "2021.10.06"]
[SourceVersion "1"]
[SourceVersionDate "2021.10.06"]
[SourceQuality "1"]

1. d4 Nf6 2. c4 g6 3. Nc3 d5 4. Bf4 Bg7 5. h3 0-0 6. Nf3 c6 7. e3 b6 8. Rc1 Bb7 9. cxd5 Nxd5 10. Nxd5 Qxd5 11. a3 Qa5+ 12. Rc3 c5 13. Ne5 cxd4 14. b4 Qd5 15. Qxd4 Qa2 16. Qd1 Qe6 17. Rc7 Bxe5 18. Bxe5 Qxe5 19. Rxb7 Qc3+ 20. Qd2 Qa1+ 21. Ke2 Nc6 22. b5 Rad8 23. bxc6 Rxd2+ 24. Kxd2 Rd8+ 25. Rd7 Qb2+ 26. Kd1 Qb3+ 27. Ke1 Qc3+ 28. Kd1 Rc8 0-1

[Event "Mercredi 2015.09.02 ABCD"]
[Site "Montreal"]
[Date "2015.09.16"]
[Round "3"]
[White "Nunez, Omar"]
[Black "Blanchet, Robert"]
[Result "1-0"]
[WhiteElo "1896"]
[BlackElo "1827"]
[PlyCount "55"]
[EventDate "2015.09.02"]
[EventType "tourn"]
[EventRounds "5"]
[EventCountry "CAN"]
[SourceTitle "EXT 2019"]
[Source "ChessBase"]
[SourceDate "2018.10.10"]
[SourceVersion "1"]
[SourceVersionDate "2018.10.10"]
[SourceQuality "1"]

1. f4 c5 2. Nf3 d6 3. b3 Nc6 4. Bb2 Bd7 5. e3 e5 6. fxe5 dxe5 7. Nxe5 Nxe5 8. Bxe5 Qh4+ 9. Bg3 Qf6 10. Nc3 Bc6 11. Bb5 h5 12. Rf1 Qg6 13. Qf3 Ne7 14. 0-0-0 h4 15. Be1 Rh5 16. g4 hxg3 17. Bxg3 f6 18. Bxc6+ bxc6 19. Qe2 a5 20. a4 Qf7 21. Ne4 Nf5 22. Bf4 c4 23. Qxc4 Qxc4 24. bxc4 Ra7 25. c3 Kd7 26. Kc2 Bd6 27. Bxd6 Rh4 28. Bc5 1-0

[Event "Montreal Mercredi 10"]
[Site "Montreal"]
[Date "2014.10.22"]
[Round "2"]
[White "Blanchet, Robert"]
[Black "Gauthier, Luc"]
[Result "1/2-1/2"]
[WhiteElo "1755"]
[BlackElo "1757"]
[PlyCount "66"]
[EventDate "2014.10.15"]
[EventType "swiss"]
[EventRounds "5"]
[EventCountry "CAN"]
[SourceTitle "EXT 2022"]
[Source "ChessBase"]
[SourceDate "2021.10.06"]
[SourceVersion "1"]
[SourceVersionDate "2021.10.06"]
[SourceQuality "1"]

1. e4 Nf6 2. Nc3 d5 3. exd5 Nxd5 4. d4 c6 5. Bc4 Bf5 6. a3 e6 7. Nge2 Be7 8. Ng3 Nxc3 9. bxc3 Bg6 10. h4 Bxh4 11. Nh5 Bxh5 12. Qxh5 Bf6 13. g4 g6 14. Qh6 Bxd4 15. cxd4 Qxd4 16. Rb1 Qxc4 17. Rxb7 Qc3+ 18. Bd2 Qe5+ 19. Kf1 Nd7 20. Rh3 Qa1+ 21. Kg2 Qd1 22. Rf3 Ne5 23. Rfb3 Qxg4+ 24. Kf1 Qd1+ 25. Kg2 Rd8 26. Bg5 Qg4+ 27. Rg3 Qe4+ 28. Kh2 Nd7 29. Qg7 Rf8 30. Rd3 f6 31. Rdxd7 Qe5+ 32. f4 Qe2+ 33. Kg1 Qe1+ 1/2-1/2

[Event "Quebec op U2000"]
[Site "Montreal"]
[Date "2012.07.22"]
[Round "2"]
[White "Blanchet, Robert"]
[Black "Turcotte, Jonathan"]
[Result "1-0"]
[WhiteElo "1738"]
[BlackElo "1936"]
[PlyCount "67"]
[EventDate "2012.07.21"]
[EventType "swiss"]
[EventRounds "9"]
[EventCountry "CAN"]
[SourceTitle "EXT 2022"]
[Source "ChessBase"]
[SourceDate "2021.10.06"]
[SourceVersion "1"]
[SourceVersionDate "2021.10.06"]
[SourceQuality "1"]

1. e4 c6 2. d4 d5 3. Nd2 dxe4 4. Nxe4 Bf5 5. Ng3 Bg6 6. Nf3 Nd7 7. Nh4 e6 8. Nxg6 hxg6 9. Bd3 Ngf6 10. Qe2 Bd6 11. c4 Bb4+ 12. Bd2 Qa5 13. a3 Bxd2+ 14. Qxd2 Qxd2+ 15. Kxd2 0-0-0 16. Be2 Nc5 17. Ke3 Nb3 18. Rad1 Rh4 19. f4 c5 20. dxc5 Rxd1 21. Bxd1 Nxc5 22. b4 Ncd7 23. Be2 b5 24. Rc1 Nb6 25. cxb5+ Kb7 26. Bf3+ Nbd5+ 27. Kd3 Rxh2 28. Rc5 Kb6 29. Nf1 Rh1 30. Nd2 Nxf4+ 31. Kd4 N4d5 32. Nc4+ Kb7 33. Nd6+ Kb6 34. Rc6# 1-0

[Event "Montreal op U2000"]
[Site "Montreal"]
[Date "2011.09.10"]
[Round "2"]
[White "Blanchet, Robert"]
[Black "Efpraxiadis, Jean"]
[Result "1-0"]
[WhiteElo "1770"]
[BlackElo "1670"]
[PlyCount "49"]
[EventDate "2011.09.09"]
[EventType "swiss"]
[EventRounds "5"]
[EventCountry "CAN"]
[SourceTitle "EXT 2022"]
[Source "ChessBase"]
[SourceDate "2021.10.06"]
[SourceVersion "1"]
[SourceVersionDate "2021.10.06"]
[SourceQuality "1"]

1. e4 d6 2. d4 Nf6 3. Nc3 e5 4. dxe5 dxe5 5. Qxd8+ Kxd8 6. Bg5 c6 7. Nf3 Nbd7 8. 0-0-0 Ke8 9. h3 Bc5 10. Bh4 Bb6 11. Nd2 Bc7 12. Nc4 b5 13. Nd6+ Ke7 14. Ndxb5 cxb5 15. Nd5+ Kd8 16. Nxf6 gxf6 17. Bxf6+ Ke8 18. Bxh8 a6 19. Bg7 Bb6 20. Rd2 Bb7 21. Bd3 Rc8 22. Bh6 Nc5 23. Kb1 Rc6 24. Be3 Rd6 25. Bxb5+ 1-0

[Event "Montreal Mercredi 04"]
[Site "Montreal"]
[Date "2007.04.11"]
[Round "2"]
[White "Blanchet, Robert"]
[Black "Lalonde, Paul"]
[Result "0-1"]
[WhiteElo "1701"]
[BlackElo "1814"]
[PlyCount "30"]
[EventDate "2007.04.04"]
[EventType "swiss"]
[EventRounds "5"]
[EventCountry "CAN"]
[SourceTitle "EXT 2022"]
[Source "ChessBase"]
[SourceDate "2021.10.06"]
[SourceVersion "1"]
[SourceVersionDate "2021.10.06"]
[SourceQuality "1"]

1. e4 e5 2. Nf3 Nf6 3. Nc3 Bb4 4. Bc4 Nc6 5. Qe2 d6 6. a3 Ba5 7. Nd5 Bg4 8. c3 0-0 9. Ne3 Bh5 10. Nf5 Ne7 11. d3 Nxf5 12. exf5 d5 13. Bb3 e4 14. Be3 exf3 15. gxf3 d4 0-1